Aspects, cultural and political events of society conditioning upcoming secularization and changes of funeral architecture
Pohreby a pohrebná architektúra ako dokument rozvoja spoločnosti. Politické, kultúrne a náboženské aspekty ovplyvňujúce vývoj krematórií v Česku v 20. storočí. Súčasná situáciu v Českej republike a jej porovnanie s vybranými európskymi krajinami.
Saved in:
| Main Author: | |
|---|---|
| Other Authors: | |
| Format: | Book Chapter |
| Language: | English |
| Subjects: | |
| Tags: |
No Tags, Be the first to tag this record!
|
MARC
| LEADER | 00000nla a2200000 4500 | ||
|---|---|---|---|
| 001 | 0234833 | ||
| 005 | 20240417075124.2 | ||
| 041 | 0 | |a eng | |
| 044 | |a RO | ||
| 245 | 1 | 0 | |a Aspects, cultural and political events of society conditioning upcoming secularization and changes of funeral architecture |c Klára Frolíková Palánová, Ondřej Juračka |
| 520 | |a Pohreby a pohrebná architektúra ako dokument rozvoja spoločnosti. Politické, kultúrne a náboženské aspekty ovplyvňujúce vývoj krematórií v Česku v 20. storočí. Súčasná situáciu v Českej republike a jej porovnanie s vybranými európskymi krajinami. | ||
| 610 | 2 | 0 | |a spoločnosť |
| 610 | 2 | 0 | |a potreby spoločenské |
| 610 | 2 | 0 | |a zvyklosti kultúrne |
| 610 | 2 | 0 | |a kultúra |
| 610 | 2 | 0 | |a architektúra |
| 610 | 2 | 0 | |a populácia |
| 610 | 2 | 0 | |a úmrtnosť |
| 610 | 2 | 0 | |a porovnanie medzinárodné |
| 610 | 2 | 0 | |a história |
| 610 | 2 | 0 | |a Česko |
| 610 | 2 | 0 | |a Československo |
| 610 | 2 | 0 | |a Európa |
| 100 | 1 | |a Frolíková Palánová, Klára | |
| 700 | 1 | |a Juračka, Ondřej | |